Costa Rica: Ley del Régimen de la Función Pública /
Considerando que el Estado debe actuar de la misma manera ante similares circunstancias y debido a la necesidad de contar con funcionarios que sean tomadores de decisiones, este proyecto pretende luchar contra los privilegios e inamovilidad de algunos funcionarios, permitiendo al mismo tiempo elimin...
محفوظ في:
| المؤلف الرئيسي: | |
|---|---|
| مؤلفون آخرون: | |
| التنسيق: | نص |
| الوسوم: |
إضافة وسم
لا توجد وسوم, كن أول من يضع وسما على هذه التسجيلة!
|
MARC
| LEADER | 00000 a a2200000 04500 | ||
|---|---|---|---|
| 001 | 14078 | ||
| 003 | |||
| 040 | |||
| 100 | |a Arguedas, Joaquín | ||
| 245 | |a Costa Rica: |b Ley del Régimen de la Función Pública / |c Joaquín Arguedas | ||
| 520 | |a Considerando que el Estado debe actuar de la misma manera ante similares circunstancias y debido a la necesidad de contar con funcionarios que sean tomadores de decisiones, este proyecto pretende luchar contra los privilegios e inamovilidad de algunos funcionarios, permitiendo al mismo tiempo eliminar las diferencias salariales entre una institución y otra. REV//jmml | ||
| 700 | |a Otárola, Juan |a Villalobos, German | ||
| 773 | |g número 30 -31; páginas 305-315 | ||
| 999 | |c 28312 |d 28312 | ||
